Statystyki dla Legendarne Role Polskich Aktorów Dubbingowych

Kliknij tutaj aby rozwiązać quiz!

Ogólne statystyki

  • Ten quiz został rozwiązany 263 razy
    (240 od ostatniego zresetowania)
  • Średni wynik to 5 z 10

Statystyki odpowiedzi

RolaProdukcjaAktor głosowy% Poprawnych
SidEpoka LodowcowaCezary Pazura
89%
Król JulianMadagaskarJarosław Boberek
71%
OsiołShrekJerzy Stuhr
68%
ShrekShrekZbigniew Zamachowski
58%
TimonKról LewKrzysztof Tyniec
45%
OlafKraina LoduCzesław Mozil
44%
Geralt z RiviiWiedźminJacek Rozenek
44%
PumbaKról LewEmilian Kamiński
27%
Mike WazowskiPotwory i SpółkaWojciech Paszkowski
14%
Ash KetchumPokémonHanna Kinder-Kiss
13%

Rozkład punktacji

Percentyl według liczby udzielonych odpowiedzi

Procent ludzi z każdym wynikiem

Twoja historia wyników

Nie rozwiązałeś tego quizu od ostatniego zresetowania